<?xml version="1.0" encoding="UTF-8"?>
<collection xmlns="http://www.loc.gov/MARC21/slim">
 <record>
  <leader>02834cam a2200613   4500</leader>
  <controlfield tag="001">1072119668</controlfield>
  <controlfield tag="003">DE-627</controlfield>
  <controlfield tag="005">20221106204430.0</controlfield>
  <controlfield tag="007">tu</controlfield>
  <controlfield tag="008">850101s1966    gw ||||| n    00| ||ger c</controlfield>
  <datafield tag="035" ind1=" " ind2=" ">
   <subfield code="a">(DE-627)1072119668</subfield>
  </datafield>
  <datafield tag="035" ind1=" " ind2=" ">
   <subfield code="a">(DE-576)002119668</subfield>
  </datafield>
  <datafield tag="035" ind1=" " ind2=" ">
   <subfield code="a">(DE-599)BSZ002119668</subfield>
  </datafield>
  <datafield tag="035" ind1=" " ind2=" ">
   <subfield code="a">(OCoLC)56855637</subfield>
  </datafield>
  <datafield tag="035" ind1=" " ind2=" ">
   <subfield code="a">(OCoLC)56855637</subfield>
  </datafield>
  <datafield tag="035" ind1=" " ind2=" ">
   <subfield code="a">(DE-604)8019171668</subfield>
  </datafield>
  <datafield tag="040" ind1=" " ind2=" ">
   <subfield code="a">DE-627</subfield>
   <subfield code="b">ger</subfield>
   <subfield code="c">DE-627</subfield>
   <subfield code="e">rakwb</subfield>
  </datafield>
  <datafield tag="041" ind1=" " ind2=" ">
   <subfield code="a">ger</subfield>
  </datafield>
  <datafield tag="044" ind1=" " ind2=" ">
   <subfield code="c">XA-DE</subfield>
  </datafield>
  <datafield tag="084" ind1=" " ind2=" ">
   <subfield code="a">14a</subfield>
   <subfield code="2">sdnb</subfield>
  </datafield>
  <datafield tag="084" ind1=" " ind2=" ">
   <subfield code="a">NF 1120</subfield>
   <subfield code="2">rvk</subfield>
   <subfield code="0">(DE-625)rvk/125192:</subfield>
  </datafield>
  <datafield tag="084" ind1=" " ind2=" ">
   <subfield code="a">15.19</subfield>
   <subfield code="2">bkl</subfield>
  </datafield>
  <datafield tag="245" ind1="1" ind2="0">
   <subfield code="a">Denkschrift zur Lage der Vorgeschichte</subfield>
   <subfield code="c">hrsg. von Gerhard Mildenberger</subfield>
  </datafield>
  <datafield tag="246" ind1="3" ind2="3">
   <subfield code="a">Denkschrift Vorgeschichte</subfield>
  </datafield>
  <datafield tag="264" ind1=" " ind2="1">
   <subfield code="a">Wiesbaden</subfield>
   <subfield code="b">Steiner</subfield>
   <subfield code="c">1966</subfield>
  </datafield>
  <datafield tag="300" ind1=" " ind2=" ">
   <subfield code="a">VII, 47 S.</subfield>
   <subfield code="c">8°</subfield>
  </datafield>
  <datafield tag="336" ind1=" " ind2=" ">
   <subfield code="a">Text</subfield>
   <subfield code="b">txt</subfield>
   <subfield code="2">rdacontent</subfield>
  </datafield>
  <datafield tag="337" ind1=" " ind2=" ">
   <subfield code="a">ohne Hilfsmittel zu benutzen</subfield>
   <subfield code="b">n</subfield>
   <subfield code="2">rdamedia</subfield>
  </datafield>
  <datafield tag="338" ind1=" " ind2=" ">
   <subfield code="a">Band</subfield>
   <subfield code="b">nc</subfield>
   <subfield code="2">rdacarrier</subfield>
  </datafield>
  <datafield tag="490" ind1="1" ind2=" ">
   <subfield code="a">Denkschriften zur Lage der deutschen Wissenschaft</subfield>
   <subfield code="v">[14]</subfield>
  </datafield>
  <datafield tag="500" ind1=" " ind2=" ">
   <subfield code="a">Nebent.: Denkschrift Vorgeschichte</subfield>
  </datafield>
  <datafield tag="655" ind1=" " ind2="7">
   <subfield code="a">Literaturbericht</subfield>
   <subfield code="0">(DE-588)4167870-9</subfield>
   <subfield code="0">(DE-627)104712805</subfield>
   <subfield code="0">(DE-576)209911700</subfield>
   <subfield code="2">gnd-content</subfield>
  </datafield>
  <datafield tag="689" ind1="0" ind2="0">
   <subfield code="d">s</subfield>
   <subfield code="0">(DE-588)4121886-3</subfield>
   <subfield code="0">(DE-627)105766356</subfield>
   <subfield code="0">(DE-576)209546980</subfield>
   <subfield code="a">Vor- und Frühgeschichte</subfield>
   <subfield code="g">Fach</subfield>
   <subfield code="2">gnd</subfield>
  </datafield>
  <datafield tag="689" ind1="0" ind2=" ">
   <subfield code="5">DE-101</subfield>
  </datafield>
  <datafield tag="689" ind1="1" ind2="0">
   <subfield code="d">s</subfield>
   <subfield code="0">(DE-588)4078951-2</subfield>
   <subfield code="0">(DE-627)10607590X</subfield>
   <subfield code="0">(DE-576)209210567</subfield>
   <subfield code="a">Vor- und Frühgeschichte</subfield>
   <subfield code="2">gnd</subfield>
  </datafield>
  <datafield tag="689" ind1="1" ind2=" ">
   <subfield code="5">(DE-627)</subfield>
  </datafield>
  <datafield tag="700" ind1="1" ind2=" ">
   <subfield code="a">Mildenberger, Gerhard</subfield>
   <subfield code="d">1915-1992</subfield>
   <subfield code="e">Hrsg.</subfield>
   <subfield code="0">(DE-588)1070186155</subfield>
   <subfield code="0">(DE-627)823339475</subfield>
   <subfield code="0">(DE-576)429814658</subfield>
   <subfield code="4">edt</subfield>
  </datafield>
  <datafield tag="710" ind1="2" ind2=" ">
   <subfield code="a">Deutsche Forschungsgemeinschaft</subfield>
   <subfield code="0">(DE-588)2007744-0</subfield>
   <subfield code="0">(DE-627)101596200</subfield>
   <subfield code="0">(DE-576)191628816</subfield>
   <subfield code="4">oth</subfield>
  </datafield>
  <datafield tag="787" ind1="0" ind2="8">
   <subfield code="i">Rezension</subfield>
   <subfield code="a">Schindler, Reinhard, 1912 - 2001</subfield>
   <subfield code="t">[Rezension von: Gerhard Mildenberger (Hrsg.), Denkschrift zur Lage der Vorgeschichte]</subfield>
   <subfield code="d">1967</subfield>
   <subfield code="w">(DE-627)174867546X</subfield>
  </datafield>
  <datafield tag="830" ind1=" " ind2="0">
   <subfield code="a">Denkschriften zur Lage der deutschen Wissenschaft</subfield>
   <subfield code="v">[14]</subfield>
   <subfield code="9">14]</subfield>
   <subfield code="w">(DE-627)130741086</subfield>
   <subfield code="w">(DE-576)008407487</subfield>
   <subfield code="w">(DE-600)984954-3</subfield>
   <subfield code="x">0070-3974</subfield>
   <subfield code="7">ns</subfield>
  </datafield>
  <datafield tag="856" ind1="4" ind2="2">
   <subfield code="u">http://d-nb.info/456330798/04</subfield>
   <subfield code="m">V:DE-605</subfield>
   <subfield code="q">application/pdf</subfield>
   <subfield code="3">Inhaltsverzeichnis</subfield>
  </datafield>
  <datafield tag="889" ind1=" " ind2=" ">
   <subfield code="w">(DE-576)446957755</subfield>
  </datafield>
  <datafield tag="889" ind1=" " ind2=" ">
   <subfield code="w">(DE-576)451938577</subfield>
  </datafield>
  <datafield tag="889" ind1=" " ind2=" ">
   <subfield code="w">(DE-627)781037824</subfield>
  </datafield>
  <datafield tag="889" ind1=" " ind2=" ">
   <subfield code="w">(DE-627)218176619</subfield>
  </datafield>
  <datafield tag="889" ind1=" " ind2=" ">
   <subfield code="w">(DE-627)151695775X</subfield>
  </datafield>
  <datafield tag="935" ind1=" " ind2=" ">
   <subfield code="i">mdedup</subfield>
  </datafield>
  <datafield tag="936" ind1="r" ind2="v">
   <subfield code="a">NF 1120</subfield>
   <subfield code="b">Ur- und Frühgeschichte als Wissenschaftsfach</subfield>
   <subfield code="k">Geschichte</subfield>
   <subfield code="k">Ur- und Frühgeschichte / Prähistorische Archäologie</subfield>
   <subfield code="k">Allgemeines</subfield>
   <subfield code="k">Ur- und Frühgeschichte als Wissenschaftsfach</subfield>
   <subfield code="0">(DE-627)1271317478</subfield>
   <subfield code="0">(DE-625)rvk/125192:</subfield>
   <subfield code="0">(DE-576)201317478</subfield>
  </datafield>
  <datafield tag="936" ind1="b" ind2="k">
   <subfield code="a">15.19</subfield>
   <subfield code="j">Vor- und Frühgeschichte</subfield>
   <subfield code="q">coli-conc RVK-&gt;BK</subfield>
   <subfield code="q">https://coli-conc.gbv.de/api/mappings/75cc445c-571d-40a5-a765-030d7671b9ad</subfield>
   <subfield code="0">(DE-627)10640329X</subfield>
  </datafield>
  <datafield tag="951" ind1=" " ind2=" ">
   <subfield code="a">BO</subfield>
  </datafield>
  <datafield tag="990" ind1=" " ind2=" ">
   <subfield code="a">Vor- und Frühgeschichte</subfield>
  </datafield>
  <datafield tag="990" ind1=" " ind2=" ">
   <subfield code="a">Vor- und Frühgeschichte</subfield>
  </datafield>
  <datafield tag="991" ind1=" " ind2=" ">
   <subfield code="a">Rezensiertes Werk</subfield>
  </datafield>
  <datafield tag="999" ind1=" " ind2=" ">
   <subfield code="a">KXP-PPN1072119668</subfield>
   <subfield code="e">456449130X</subfield>
  </datafield>
 </record>
</collection>
